1192 1960 1658 1455 1151 1302 1957 1452 1960 1749 1701 1377 1651 1189 1287 1841 1277 1263 1444 1629 1616 1553 1123 1398 1554 1385 1146 1993 1508 1320 1123 1274 1962 1335 1255 1000 1896 1443 1558 1101 1989 1366 1248 1932 1540 1551 1413 1063 1363 1781 1364 1490 1334 1277 1775 1003 1864 1898 1728 1869 1080 1931 1245 1868 1394 1227 1429 1016 1651 1655 1672 1188 1027 1648 1916 1023 1937 1489 1949 1791 1005 1099 1736 1197 1409 1812 1510 1616 1087 1292 1780 1999 1269 1898 1845 1560 1707 1284 1776 BCNSPRNW ULIB Ver.6.0+V

เปลี่ยนเป็นภาษาไทย

Change to English
 แสดงรายละเอียดบรรณานุกรม
  กลับหน้าหลัก

Brief Record : Get Marc (ISO 2709) : E-mail record : QR code < ปิดหน้าต่าง
LEADER : 00000nam 2200000uu 4500
001    13399123847
003     ULIB
008    141204s2556 th a 000 0 tha d
020    9789746727822
060  4 QS4^bผ381ก
100    ผาสุก มหรรฆานุเคราะห์
245    กายวิภาคศาสตร์และนิติมานุษยวิทยาของกระดูกมนุษย์./^cผาสุก มหรรฆานุเคราะห์ ; บรรณาธิการ
250    พิมพ์ครั้งที่ 2
260    เชียงใหม่ :^bคณะแพทยศาสตร์ มหาวิทยาลัยเชียงใหม่,^c2556
300    220 หน้า
650    กายวิภาคศาสตร์^xกระดูก
710 1  มหาวิทยาลัยเชียงใหม่.^bคณะแพทยศาสตร์.
945    ^p400^l0^i22371
945    ^p400^l0^i22372
945    ^p400^l0^i22373
945    ^p400^l0^i22374
945    ^p400^l0^i22375
945    ^p400^l0^i22376
945    ^p400^l0^i22377
945    ^p400^l0^i22378
999    ^aทศพร เกษรทอง
รายการนี้ยังไม่มีแท็ก
คุณยังไม่ได้ล็อกอิน คุณสามารถมีกิจกรรมร่วมกับเว็บไซต์ได้ แต่ต้องล็อกอินก่อน ::
  ล็อกอิน

รายการสื่อสารสนเทศ

ลำดับที่ ประเภท เลขเรียก/บาร์โค้ด สถานที่ สถานะ
1. วิทยาศาสตร์การแพทย์ และสุขภาพ
หนังสือสำรอง
สถานะ=หนังสือสำรอง
QS4 ผ381ก ฉ.1 
  Barcode: 22371
ห้องสมุดวิทยาเขตนครสวรรค์
►หนังสือทั่วไป:l:General Books
บนชั้น
2. วิทยาศาสตร์การแพทย์ และสุขภาพ
วิทยาศาสตร์การแพทย์ และสุขภาพ
QS4 ผ381ก ฉ.2 
  Barcode: 22372
ห้องสมุดวิทยาเขตนครสวรรค์
►หนังสือทั่วไป:l:General Books
บนชั้น
3. วิทยาศาสตร์การแพทย์ และสุขภาพ
วิทยาศาสตร์การแพทย์ และสุขภาพ
QS4 ผ381ก ฉ.3 
  Barcode: 22373
ห้องสมุดวิทยาเขตนครสวรรค์
►หนังสือทั่วไป:l:General Books
บนชั้น
4. วิทยาศาสตร์การแพทย์ และสุขภาพ
วิทยาศาสตร์การแพทย์ และสุขภาพ
QS4 ผ381ก ฉ.4 
  Barcode: 22374
ห้องสมุดวิทยาเขตนครสวรรค์
►หนังสือทั่วไป:l:General Books
บนชั้น
5. วิทยาศาสตร์การแพทย์ และสุขภาพ
วิทยาศาสตร์การแพทย์ และสุขภาพ
QS4 ผ381ก ฉ.5 
  Barcode: 22375
ห้องสมุดวิทยาเขตนครสวรรค์
►หนังสือทั่วไป:l:General Books
บนชั้น
6. วิทยาศาสตร์การแพทย์ และสุขภาพ
วิทยาศาสตร์การแพทย์ และสุขภาพ
QS4 ผ381ก ฉ.6 
  Barcode: 22376
ห้องสมุดวิทยาเขตนครสวรรค์
►หนังสือทั่วไป:l:General Books
บนชั้น
7. วิทยาศาสตร์การแพทย์ และสุขภาพ
วิทยาศาสตร์การแพทย์ และสุขภาพ
QS4 ผ381ก ฉ.7 
  Barcode: 22377
ห้องสมุดวิทยาเขตนครสวรรค์
►หนังสือทั่วไป:l:General Books
บนชั้น
8. วิทยาศาสตร์การแพทย์ และสุขภาพ
วิทยาศาสตร์การแพทย์ และสุขภาพ
QS4 ผ381ก ฉ.8 
  Barcode: 22378
ห้องสมุดวิทยาเขตนครสวรรค์
►หนังสือทั่วไป:l:General Books
บนชั้น

รายการใกล้เคียง
    ผู้แต่ง [ผาสุก มหรรฆานุเคราะห์]

BibComment


ยังไม่เคยถูกคอมเมนท์

คอมเมนท์ทรัพยากรรายการนี้
  คอมเมนท์: กายวิภาคศาสตร์และ..


 Copyright 2026. Bcnsprnw @Library